Interpretation of planning permissions and a matter of principle (Record no. 28854)

MARC details
000 -LEADER
fixed length control field 00709cab a2200193 4500
001 - CONTROL NUMBER
control field ABS44141
008 - FIXED-LENGTH DATA ELEMENTS--GENERAL INFORMATION
fixed length control field 090401t1991 xxu||||| |||| 00| 0 eng d
035 ## - SYSTEM CONTROL NUMBER
System control number (Sirsi) u45516
041 ## - LANGUAGE CODE
Language code of text/sound track or separate title eng
100 ## - MAIN ENTRY--PERSONAL NAME
Personal name Graham, T.
245 ## - TITLE STATEMENT
Title Interpretation of planning permissions and a matter of principle
260 ## - PUBLICATION, DISTRIBUTION, ETC.
Date of publication, distribution, etc. 1991
350 ## - PRICE (NR) (BK AM CF MU VM SE) [OBSOLETE]
Price 0
490 ## - SERIES STATEMENT
Series statement JPL
Volume/sequential designation 1991 104-112(9)
520 ## - SUMMARY, ETC.
Summary, etc. Criticises the courts for not formulating any clear guiding principles for interpreting planning permissions and other public documents arising from the planning process. Examines case law which has arisen in respect of planning permissions.
690 ## - LOCAL SUBJECT ADDED ENTRY--TOPICAL TERM (OCLC, RLIN)
Topical term or geographic name as entry element PLANNING LAW AND PRACTICE
942 ## - ADDED ENTRY ELEMENTS (KOHA)
Suppress in OPAC 0
948 ## - LOCAL PROCESSING INFORMATION (OCLC); SERIES PART DESIGNATOR (RLIN)
c (OCLC) 04/03/1997
Holdings
Withdrawn status Lost status Source of classification or shelving scheme Damaged status Not for loan Home library Current library Shelving location Date acquired Total Checkouts Full call number Barcode Date last seen Copy number Price effective from Koha item type
    Dewey Decimal Classification     London London Journal article 14/09/1999   ABS44141 45516-1001 06/08/2019 1 06/08/2019 Journal article